000 00515nam a2200205Ia 4500
005 20250923150038.0
008 008 250917s9999 xx 000 0 eng d
037 _aTextual
040 _aDSWL
_beng
_cDSWL
041 _aeng
_2eng
084 _qDSWL
245 4 _aThe Cambridge paperback encyclopedia
_cEd. by David Crystal
250 _a3rd
260 _aNew Delhi
_bFoundaiton Books
_c2000
300 _a1071 p.
365 _aINR
_b350
925 _g350
942 _cTEXL
999 _c1458930
_d1458930